000 00582nam a22002417a 4500
003 UA-OsUOA
001 26426
007 ta
008 20040601b un ||||| |||| 00| 0 ukr d
100 _aБарьяхтар В.Г.
090 _a537
_bБ26
942 _cBK
040 _aUA-OsUOA
_brus
_cUA-OsUOA
_dUA-OsUOA
245 _aФункции Грина в теории магнетизма
300 _a336 с.
955 _a0
041 _arus
080 _a537
260 _aКиев
_bНаукова Думка
_c1984
044 _aRU
650 7 _2UDC
999 _c312749
_d312749